Statistics for Countries Closest to Iceland

Click here to take the quiz!

General Stats

  • This quiz has been taken 2,350 times
  • The average score is 18 of 20

Answer Stats

km country miles % Correct
783United Kingdom487
98%
969Norway602
98%
1239Sweden770
98%
1472Denmark915
98%
1079Ireland671
95%
1501Finland933
95%
1773France1101
94%
1815Russia1128
93%
1632Germany1014
93%
1639Canada1018
93%
1783Belgium1108
91%
1657Netherlands1030
90%
1971Poland1224
86%
285Greenland177
83%
1949Estonia1211
82%
2024Latvia1257
82%
2103Lithuania1307
81%
1989Luxembourg1236
79%
434Faroe Islands270
64%
2209Czechia1373
60%

Score Distribution

Percentile by Number Answered

Percent of People with Each Score

Your Score History

You have not taken this quiz